书目信息 |
| 题名: |
一天记牢1000个英语单词
|
|
| 作者: | 杨剑勇 , 刘纲 著 | |
| 分册: | ||
| 出版信息: | 广州 广东世界图书出版公司 2005.10 |
|
| 页数: | 215页 | |
| 开本: | 26cm | |
| 丛书名: | ||
| 单 册: | ||
| 中图分类: | H313 | |
| 科图分类: | ||
| 主题词: | 英语--ying yu--词汇--记忆术 , 词汇--ci hui--英语--记忆术 | |
| 电子资源: | ||
| ISBN: | 7-5062-7767-0 | |
| 000 | 00899nam0 2200253 450 | |
| 001 | 012006002168 | |
| 005 | 20060522161831.84 | |
| 010 | @a7-5062-7767-0@dCNY25.00 | |
| 100 | @a20060502d2005 km y0chiy0120 ea | |
| 101 | 0 | @achi@aeng |
| 102 | @aCN@b440000 | |
| 105 | @ay z 000yy | |
| 200 | 1 | @a一天记牢1000个英语单词@Ayi tian ji lao 1000 ge ying yu dan ci@d= One day 1000 words@f杨剑勇, 刘纲著@Fyang jian yong,liu gang zhu@zeng |
| 210 | @a广州@c广东世界图书出版公司@d2005.10 | |
| 215 | @a215页@d26cm | |
| 330 | @a本书收录了基础篇—大脑基础知识、教学篇—单词记忆疑问解答、示范篇—1000个英语单词的记忆方法等内容。 | |
| 510 | 1 | @aOne day 1000 words@zeng |
| 606 | 0 | @a英语@Aying yu@x词汇@x记忆术 |
| 606 | 0 | @a词汇@Aci hui@x英语@x记忆术 |
| 690 | @aH313@v4 | |
| 701 | 0 | @a杨剑勇@Ayang jian yong@4著 |
| 701 | 0 | @a刘纲@Aliu gang@4著 |
| 801 | 0 | @aCN@bQSSK@c20060522 |
| 905 | @a10447@dH313@eY208 | |
| 一天记牢1000个英语单词= One day 1000 words/杨剑勇, 刘纲著.-广州:广东世界图书出版公司,2005.10 |
| 215页;26cm |
| ISBN 7-5062-7767-0:CNY25.00 |
| 本书收录了基础篇—大脑基础知识、教学篇—单词记忆疑问解答、示范篇—1000个英语单词的记忆方法等内容。 |
| ● |
| 相关链接 |
|
|
|
正题名:一天记牢1000个英语单词
索取号:H313/Y208
 
预约/预借
| 序号 | 登录号 | 条形码 | 馆藏地/架位号 | 状态 | 备注 |
| 1 | 559636 | 205596363 | 语言库209/ [索取号:H313/Y208] | 在馆 | |
| 2 | 559637 | 205596372 | 语言库209/209语言库 104排7列2层/ [索取号:H313/Y208] | 在馆 | |
| 3 | 559638 | 205596381 | 语言库209/209语言库 104排7列2层/ [索取号:H313/Y208] | 在馆 |